Achievements in anonymity : (Record no. 647635)

MARC details
000 -LEADER
fixed length control field 01315nam a2200349 a 4500
001 - CONTROL NUMBER
control field vtls001624187
003 - CONTROL NUMBER IDENTIFIER
control field NLI
005 - DATE AND TIME OF LATEST TRANSACTION
control field 20210627052621.0
008 - FIXED-LENGTH DATA ELEMENTS--GENERAL INFORMATION
fixed length control field 130107r1997 ii a g h f000 0ceng
020 ## - INTERNATIONAL STANDARD BOOK NUMBER
International Standard Book Number 8172360894
Terms of availability Rs 30.00 (pbk)
039 #9 - LEVEL OF BIBLIOGRAPHIC CONTROL AND CODING DETAIL [OBSOLETE]
Level of rules in bibliographic description 201406271102
Level of effort used to assign nonsubject heading access points gopag
Level of effort used to assign subject headings 201305232057
Level of effort used to assign classification amitu
Level of effort used to assign subject headings 201305232056
Level of effort used to assign classification amitu
-- 201301071937
-- rajatari
040 ## - CATALOGING SOURCE
Original cataloging agency NLI
Language of cataloging eng
041 ## - LANGUAGE CODE
Language code of text/sound track or separate title eng
044 ## - COUNTRY OF PUBLISHING/PRODUCING ENTITY CODE
MARC country code ii
082 04 - DEWEY DECIMAL CLASSIFICATION NUMBER
Classification number 509.2
Edition number 23
245 00 - TITLE STATEMENT
Title Achievements in anonymity :
Remainder of title unsung Indian Scientists /
Statement of responsibility, etc. [edited by] Kollegala Sharma [and] Bal Phondke
260 ## - PUBLICATION, DISTRIBUTION, ETC.
Place of publication, distribution, etc. New Delhi :
Name of publisher, distributor, etc. National Institue of Science Communication (CSIR),
Date of publication, distribution, etc. 1994, reprinted 1997
300 ## - PHYSICAL DESCRIPTION
Extent 115 p.:
Other physical details col. ill. ;
Dimensions 22 cm.
650 #0 - SUBJECT ADDED ENTRY--TOPICAL TERM
Topical term or geographic name entry element Scientists
Geographic subdivision India
9 (RLIN) 768667
700 1# - ADDED ENTRY--PERSONAL NAME
Personal name Sharma, Kollegala,
Relationship edt
9 (RLIN) 768668
700 1# - ADDED ENTRY--PERSONAL NAME
Personal name Phondke, Bal,
Relationship edt
9 (RLIN) 746039
710 2# - ADDED ENTRY--CORPORATE NAME
Corporate name or jurisdiction name as entry element Council of Scientific and Documentation Centre.
Subordinate unit National Institute of Science Communication (New Delhi),
Relationship pbl
887 ## - NON-MARC INFORMATION FIELD
Content of non-MARC field Amit Uraon Gopa
902 ## - LOCAL DATA ELEMENT B, LDB (RLIN)
a GP 509.2 Ac46
903 ## - LOCAL DATA ELEMENT C, LDC (RLIN)
a Rajat
904 ## - LOCAL DATA ELEMENT D, LDD (RLIN)
a Amit Uraon
905 ## - LOCAL DATA ELEMENT E, LDE (RLIN)
a Gopa
949 ## - LOCAL PROCESSING INFORMATION (OCLC)
-- VIRTUAITEM
-- 10003
-- 202
6 IOD000153028ENG
e IOD153028
942 ## - ADDED ENTRY ELEMENTS (KOHA)
Source of classification or shelving scheme Dewey Decimal Classification
Koha item type Books
Holdings
Withdrawn status Lost status Damaged status Not for loan Collection code Home library Current library Shelving location Date acquired Total Checkouts Full call number Barcode Date last seen Price effective from Koha item type
        Government Publications National Library of India National Library of India Annexe Reading Room & Stack Division     GP 509.2 Ac46 IOD000153028ENG 27/06/2021 27/06/2021 Books
                                                                           
web counter

Copyright ©2020 The National Library of India, Govt. of India ↔ Hosted by NVLI, MOC ↔ Technology and Design by National Library of India, Ministry of Culture, Govt. of India